<?xml version="1.0" encoding="UTF-8"?>
<record
    xmlns:xsi="http://www.w3.org/2001/XMLSchema-instance"
    xsi:schemaLocation="http://www.loc.gov/MARC21/slim http://www.loc.gov/standards/marcxml/schema/MARC21slim.xsd"
    xmlns="http://www.loc.gov/MARC21/slim">

  <leader>00885nab a2200277   4500</leader>
  <controlfield tag="003">BR-BrBNA</controlfield>
  <controlfield tag="005">20251123003451.0</controlfield>
  <controlfield tag="008">251123b        bl.||||| |||| 00| 0 por d</controlfield>
  <datafield tag="040" ind1=" " ind2=" ">
    <subfield code="a">BR-BrBNA</subfield>
    <subfield code="b">por</subfield>
  </datafield>
  <datafield tag="072" ind1=" " ind2=" ">
    <subfield code="a">F01 ; Q02 ; E40 ; E14 ; C20 ; F30 ; E16</subfield>
    <subfield code="b">2110 ; 9917</subfield>
  </datafield>
  <datafield tag="100" ind1=" " ind2=" ">
    <subfield code="a">Pontes, Al&#xE9;cia</subfield>
  </datafield>
  <datafield tag="245" ind1=" " ind2=" ">
    <subfield code="a">Troca de figurinhas</subfield>
    <subfield code="b">Agrotecnologia</subfield>
  </datafield>
  <datafield tag="500" ind1=" " ind2=" ">
    <subfield code="a">2 illus. </subfield>
  </datafield>
  <datafield tag="650" ind1=" " ind2=" ">
    <subfield code="a">CACAU</subfield>
  </datafield>
  <datafield tag="650" ind1=" " ind2=" ">
    <subfield code="a">CHOCOLATE</subfield>
  </datafield>
  <datafield tag="650" ind1=" " ind2=" ">
    <subfield code="a">COOPERATIVA DE PRODUTORES</subfield>
  </datafield>
  <datafield tag="650" ind1=" " ind2=" ">
    <subfield code="a">ADO&#xC7;&#xC3;O DE TECNOLOGIA</subfield>
  </datafield>
  <datafield tag="650" ind1=" " ind2=" ">
    <subfield code="a">INFORMA&#xC7;&#xC3;O T&#xC9;CNICA</subfield>
  </datafield>
  <datafield tag="650" ind1=" " ind2=" ">
    <subfield code="a">PODA</subfield>
  </datafield>
  <datafield tag="650" ind1=" " ind2=" ">
    <subfield code="a">CLONAGEM</subfield>
  </datafield>
  <datafield tag="650" ind1=" " ind2=" ">
    <subfield code="a">RENTABILIDADE</subfield>
  </datafield>
  <datafield tag="650" ind1=" " ind2=" ">
    <subfield code="a">PAR&#xC1;</subfield>
  </datafield>
  <datafield tag="773" ind1="0" ind2=" ">
    <subfield code="0">1706</subfield>
    <subfield code="9">348048</subfield>
    <subfield code="d">S&#xE3;o Paulo-SP Editora Tr&#xEA;s Ltda - E-mail: luizfsa@revistadinheiro.com.br 2004</subfield>
    <subfield code="o">2025-0543</subfield>
    <subfield code="t">Dinheiro Rural (Brazil)</subfield>
    <subfield code="x">1807-3700</subfield>
    <subfield code="g">v. 8(98) p. 44; (Dec 2012)</subfield>
    <subfield code="w">BR2025005213</subfield>
  </datafield>
  <datafield tag="942" ind1=" " ind2=" ">
    <subfield code="c">ANA</subfield>
  </datafield>
  <datafield tag="999" ind1=" " ind2=" ">
    <subfield code="c">339168</subfield>
    <subfield code="d">339168</subfield>
  </datafield>
</record>
